000 00331 a2200133 4500
005 20250628080542.0
020 _a978-9966-28-610-9
082 _a171.2
100 _aSALEEMI, A. N
245 _aGeneral Principles of Law Simplified
260 _aNairobi
_bSavani's Book Centre Ltd.
_c2012
300 _a495p.
_c22cm
942 _2ddc
_cBKS
999 _c5863
_d5863